000 00780nam a2200265 i 4500
001 000039687
003 DO-SdBNP
005 20260123105705.0
007 ta
008 130716s2002 dr a r 000 0 spa d
040 _aDO-SdBNP
_bspa
_cBNPHU
_erda
041 _aspa
082 _axxxx
_bA561f, 2002
_222
100 1 _aAndrés, Mateo
_eautor
_97205
245 1 3 _aLa felicidad personal :
_b¿utopía o posibilidad concreta? /
_cMateo Andrés.
250 _aOctava edición
264 _aSanto Domingo :
_bEdiciones MSC,
_c2002.
300 _a120 páginas :
_bilustraciones ;
_c23 cm.
336 _ardacontent
_btexto
_2txt
337 _ardamedia
_bsin mediación
_2n
338 _ardacarrier
_bvolumen
_2nc
590 _aInventariado 2026/DG
910 _aDG
942 _2ddc
_cLBS1
999 _c39177
_d39177